ARRUPE JESUIT UNIVERSITY

CORONAVIRUS -STOP THE SPREAD - CLEAN,DISINFECT,COVER
Normal view MARC view

Entry Geographic Name

Number of records used in: 1

001 - CONTROL NUMBER

  • control field: 24823

003 - CONTROL NUMBER IDENTIFIER

  • control field: ARRUPE

005 - DATE AND TIME OF LATEST TRANSACTION

  • control field: 20160811120249.0

008 - FIXED-LENGTH DATA ELEMENTS

  • fixed length control field: 160811|| aca||aabn | a|a d

040 ## - CATALOGING SOURCE

  • Original cataloging agency: ARRUPE
  • Transcribing agency: ARRUPE

151 ## - HEADING--GEOGRAPHIC NAME

  • Geographic name: Africa
  • General subdivision: Economic policy
  • General subdivision: Citizen participation
  • General subdivision: Congresses.

670 ## - SOURCE DATA FOUND

  • Source citation: Work cat.: (ARRUPE)0: International Conference on Popular Participation in the Recovery and Development Process in Africa (1990 : Arusha, Tanzania) 24821, African Charter for Popular Participation in Development and Transformation (Arusha 1990) /, 1990.

 

Arrupe Library. PO Box MP320 Mt Pleasant, Harare, Zimbabwe
263 242 745411|librarian@aju.ac.zw